Zlepšenie procesu laserového spájania strechy automobilu uplatnením metodiky Six Sigma
Uložené v:
| Hlavný autor: | |
|---|---|
| Ďalší autori: | |
| Médium: | Rukopis Kniha |
| Jazyk: | Slovak |
| Vydavateľské údaje: |
2016
|
| Predmet: | |
| On-line prístup: | http://is.stuba.sk/zp/portal_zp.pl?podrobnosti=119062 |
| Tagy: |
Žiadne tagy, Buďte prvý, kto otaguje tento záznam!
|
MARC
| LEADER | 00000ntm a22000003a 4500 | ||
|---|---|---|---|
| 001 | stuzp57847 | ||
| 003 | SK-STU | ||
| 005 | 20160719155400.6 | ||
| 007 | ta | ||
| 008 | 150427s2015----xo-----f-mn---000-0-slo-d | ||
| 040 | |a STU |b slo | ||
| 041 | 0 | |a slo | |
| 100 | 1 | |a Benešová, Jaroslava |u 064000 |k Z4 |4 aut |U MTF Materiálovotechnologická fakulta |T MTF Ústav priemyselného inžinierstva a manažmentu |X 9092 |U M4000 |Y 84 |7 A000009092 | |
| 242 | 0 | 1 | |a Improvement of the laser soldering process by methodology Six Sigma |y eng |
| 245 | 1 | 0 | |a Zlepšenie procesu laserového spájania strechy automobilu uplatnením metodiky Six Sigma |
| 260 | |c 2016 | ||
| 650 | 4 | |a Six Sigma |2 slo | |
| 650 | 4 | |a DMAIC |2 slo | |
| 650 | 4 | |a proces |2 slo | |
| 650 | 4 | |a neustále zlepšovanie |2 slo | |
| 650 | 4 | |a Six Sigma |2 eng | |
| 650 | 4 | |a continuous improvement |2 eng | |
| 650 | 4 | |a DMAIC |2 eng | |
| 650 | 4 | |a process |2 eng | |
| 700 | 1 | |a Václav, Ľuboš |4 ths |X 69710 |7 A000069710 | |
| 856 | 4 | |u http://is.stuba.sk/zp/portal_zp.pl?podrobnosti=119062 | |
| 996 | |c M* DP-12877 |l MMSKP |s P |a 0 |w stuzp57847_0001 | ||
| SQL | |a stuzp57847 |b DDP |c SLO |d Zlepšenie procesu laserového spájania strechy automobilu uplatnením metodiky Six Sigma |e 9092 |f Benešová, Jaroslava |g 064000 |h 69710 |i Václav, Ľuboš |j 20160606 |k 183 |l 06 |m http://is.stuba.sk/zp/portal_zp.pl?podrobnosti=119062 |n I-IKP |o 5.2.57. kvalita produkcie | ||